000 01004nam a22002175i 4500
001 152118
003 ES-MaACL
005 20250813092331.0
008 990115s1893 fr |||| | fre d
040 _aCCPB | B
_bspa
_cCCPB | B
100 1 _aBilbaut, Theophile.
_928874
245 1 3 _aLa céramique des colonies françaises
_b: age de terre, age de pierre : poteries de la Guyane et des Antilles Françaises : L'exposition Permanente des Colonies Françaises á l'Exposition Historique-Américaine de 1892, á Madrid /
_cpar Théophile Bilbaut.
260 _aParis :
_bSociété d'Éditions Scientifiques,
_c1893 (
_eTours :
_fImprimerie Deslis Frères)
300 _aXI, 159 p. ;
_c24 cm.
611 2 7 _aExposición Histórico-Americana
_d(1892.
_cMadrid)
_2
_9135137
650 7 _aArtesanía
_2embne
_910344
650 4 _aCerámica.
_9135756
711 2 _aExposición Histórico-Americana
_d(1892.
_cMadrid)
_9135137
852 _aES-MaACL
_jG-5297
_z-- Enc. hol.
999 _c152118
_d152118